000 00887nam a22002417a 4500
005 20111108104324.0
008 111108t xxu||||| |||| 00| 0 eng d
010 _aENG-104053
020 _a9789381385272
_c650.00
035 _aEN-87586
037 _bDBAD/PUB
040 _aDPL
_bEng
082 _a320.01
100 _935745
245 _aPolitical theory :
_cedited by Narendra Singh
_bissues and perspective /
260 _aDelhi
_bAncient Publishing House
_c2011
270 _aV-75, Street No. 15-A, Vijay Park, Near C-11, Shiv Sadhana Mandir, Yamuna Vihar
_bDelhi
_e110053
300 _avi,288p.
_c22cm (Hb)
500 _aIncludes index
700 _935744
_aNarendra Singh
942 _2ddc
_cEN
_h320.01
_mPOL
999 _c58185
_d58185